[Event "Mid-Summer Challenge"]
[Site "SchemingMind.com"]
[Date "2020.09.08"]
[Round "-"]
[White "maro"]
[Black "mochiron"]
[Result "1-0"]
[WhiteCountry "MEX"]
[BlackCountry "JPN"]
[WhiteElo "1448"]
[WhiteRD "57"]
[BlackElo "1396"]
[BlackRD "82"]
[GameID "459666"]

1. d4 b6 2. e4 Bb7 3. d5 e6 4. dxe6 fxe6 5. Nc3 Nc6 6. Nf3 Be7 7. Bc4 Bb4 8. Bd2 Bxc3 9. Bxc3 Nf6 10. Bxf6 Qxf6
11. O-O O-O-O 12. c3 h5 13. Re1 h4 14. e5 Qg6 15. Bd3 Qg4 16. Re4 Qg6 17. Rxh4 Qf7 18. Ng5 Qe7 19. Rxh8 Rxh8 20. Nf3 Qf7
21. Qe2 Qh5 22. h3 Ne7 23. Ba6 Kb8 24. Bxb7 Kxb7 25. Qe4+ c6 26. Rd1 Nd5 27. c4 Ne7 28. Rxd7+ Ka6 29. Rxe7 Rd8 30. Qc2
1-0

[Event "Mid-Summer Challenge"]
[Site "SchemingMind.com"]
[Date "2020.09.04"]
[Round "-"]
[White "maro"]
[Black "Goz"]
[Result "0-1"]
[WhiteCountry "MEX"]
[BlackCountry "ENG"]
[WhiteElo "1448"]
[WhiteRD "57"]
[BlackElo "1507"]
[BlackRD "70"]
[GameID "459667"]

1. d4 Nf6 2. Nc3 d5 3. Nf3 e6 4. e3 Be7 5. Bd3 c5 6. dxc5 Bxc5 7. O-O O-O 8. a3 a6 9. b4 Ba7 10. Bb2 b5
11. Ne2 Nbd7 12. Bxf6 Nxf6 13. Ne5 Qc7 14. f4 Bxe3+ 15. Kh1 d4 16. Nxd4 Bxd4 17. Rc1 Bb2 18. Rb1 Qc3 19. Qf3 Ra7 20. Nc6 Rc7
21. Ne5 Bb7 22. Qh3 g6 23. Nf3 Nh5 24. Ng5 Qxa3 25. f5 Bd5 26. fxg6 hxg6 27. Rf2 f5 28. Re1 e5 29. Re3 Bd4 30. Bxf5 Qa1+
0-1

[Event "Mid-Summer Challenge"]
[Site "SchemingMind.com"]
[Date "2020.09.04"]
[Round "-"]
[White "Goz"]
[Black "maro"]
[Result "0-1"]
[WhiteCountry "ENG"]
[BlackCountry "MEX"]
[WhiteElo "1507"]
[WhiteRD "70"]
[BlackElo "1448"]
[BlackRD "57"]
[GameID "459668"]

1. d4 d5 2. e3 e6 3. c3 Nf6 4. Bd3 Bd6 5. Nf3 O-O 6. O-O Nc6 7. b4 e5 8. dxe5 Nxe5 9. Nxe5 Bxe5 10. Bd2 Bg4
11. f3 Be6 12. a4 Qd6 13. Na3 a6 14. b5 axb5 15. Nxb5 Qd7 16. f4 Bd6 17. f5 Bxf5 18. Bxf5 Qc6 19. Qc2 g6 20. Bh3 Rfe8
21. Rxf6 Bxh2+ 22. Kxh2 Qxf6 23. g3 Qf2+ 24. Bg2 Rxe3 25. Nxc7 Qxg3+ 26. Kg1 Re2
0-1

[Event "Mid-Summer Challenge"]
[Site "SchemingMind.com"]
[Date "2020.09.03"]
[Round "-"]
[White "maro"]
[Black "ray winteringham"]
[Result "0-1"]
[WhiteCountry "MEX"]
[BlackCountry "ENG"]
[WhiteElo "1391"]
[WhiteRD "59"]
[BlackElo "1448"]
[BlackRD "48"]
[GameID "459669"]

1. e4 g6 2. d4 Bg7 3. e5 e6 4. Nf3 Ne7 5. Nc3 d6 6. exd6 cxd6 7. Bc4 a6 8. O-O b5 9. Be2 O-O 10. Ne4 Bb7
11. Nc3 Nbc6 12. a3 Nf5 13. Bg5 Qb6 14. Bd3 Ncxd4 15. Be3 Nxf3+ 16. gxf3 Nxe3 17. fxe3 Qxe3+ 18. Kh1 Qh6 19. Be4 Be5 20. Rf2 Bxe4
21. Nxe4 Bxb2 22. Rb1 Be5 23. Qd3 Rac8 24. Nxd6 Rcd8 25. Rbf1= Rxd6 26. Qe2 f6 27. f4 Bd4 28. Rf3 e5 29. fxe5 Bxe5 30. Qg2 Rfd8
31. Rh3 Qd2 32. Qxd2 Rxd2
0-1

[Event "Mid-Summer Challenge"]
[Site "SchemingMind.com"]
[Date "2020.09.03"]
[Round "-"]
[White "ray winteringham"]
[Black "maro"]
[Result "0-1"]
[WhiteCountry "ENG"]
[BlackCountry "MEX"]
[WhiteElo "1448"]
[WhiteRD "48"]
[BlackElo "1391"]
[BlackRD "59"]
[GameID "459670"]

1. e4 e5 2. Bc4 c6 3. Qf3 Nf6 4. d3 h6 5. a3 Qa5+ 6. Bd2 Qc7 7. Nh3 d6 8. Bc3 Bg4 9. Qe3 Bh5 10. f3 Be7
11. Nd2 O-O 12. O-O-O Nfd7 13. f4 Bxd1 14. Rxd1 b5 15. Ba2 a6 16. f5 Nf6 17. Nf2 a5 18. Nb3 b4 19. Bd2 bxa3 20. Bc3 axb2+
21. Kxb2 a4 22. Nc1 Qb7+ 23. Ka1 Na6 24. d4 Nb4 25. Qd2 Nxa2 26. Kxa2 exd4 27. Bxd4 c5 28. Bb2 a3 29. Bc3 Nxe4 30. Nxe4 Qxe4
31. Re1 Qc4+ 32. Nb3 Bg5 33. Qxd6 Qxc3
0-1

[Event "Mid-Summer Challenge"]
[Site "SchemingMind.com"]
[Date "2020.09.04"]
[Round "-"]
[White "Mitch The Man"]
[Black "Phillip Beckett"]
[Result "0-1"]
[WhiteCountry "USA"]
[BlackCountry "ENG"]
[WhiteElo "1345"]
[WhiteRD "67"]
[BlackElo "1549"]
[BlackRD "50"]
[GameID "459705"]

1. e4 e5 2. Nf3 Nc6 3. Bc4 Nf6 4. Bxf7+ Kxf7 5. Nc3 Be7 6. O-O d6 7. h3 Rf8 8. Ng5+ Kg8 9. Nf3 h6 10. Re1 Nd4
11. Nxd4 exd4 12. Nd5 Nxd5 13. exd5 Bf6 14. d3 c5 15. Re2 Re8 16. Rxe8+ Qxe8 17. Bf4 Qd8 18. Qf3 b6 19. Re1 Bb7 20. Re6 Be7
21. Qg3 Bh4 22. Qg4 Bg5 23. Rxd6 Qe7 24. Re6 Qf7 25. Bxg5 hxg5 26. Re5 Rf8 27. f3 Qf4 28. Rxg5 Qxg4 29. hxg4 Rd8 30. Kh2 Rxd5
31. Rxd5 Bxd5 32. b3 Kf7 33. Kh3 Kf6 34. Kh4 g5+ 35. Kg3 Ke5 36. a4 a5
0-1

[Event "Mid-Summer Challenge"]
[Site "SchemingMind.com"]
[Date "2020.09.04"]
[Round "-"]
[White "Phillip Beckett"]
[Black "Mitch The Man"]
[Result "1-0"]
[WhiteCountry "ENG"]
[BlackCountry "USA"]
[WhiteElo "1549"]
[WhiteRD "50"]
[BlackElo "1345"]
[BlackRD "67"]
[GameID "459706"]

1. e4 e5 2. Nf3 f6 3. Nxe5 g6 4. Nf3 Bh6 5. Bc4 Ne7 6. O-O d5 7. exd5 O-O 8. d6+ Kg7 9. dxe7 Qxe7 10. c3 c6
11. Re1 Qc7 12. d4 Bxc1 13. Qxc1 Qd6 14. Qe3 Bd7 15. Qe7+ Qxe7 16. Rxe7+ Kh8 17. Nbd2 b6 18. Rae1 b5 19. Bb3 a5 20. Be6 Ra7
21. Bxd7 Nxd7 22. Re8 Ra8 23. Rxa8 Rxa8 24. Re7 Rd8 25. Ne4 Kg8 26. Nd6 Nf8 27. Nb7 Rc8 28. Nc5 h6 29. Ne6 Nxe6 30. Rxe6 Kf7
31. Re2 Rc7 32. Nd2 Rd7 33. Ne4 a4 34. Nc5 Rc7 35. a3 h5 36. Re6 f5 37. Rd6 h4 38. Rd7+ Rxd7 39. Nxd7 Ke6 40. Nc5+ Kf7
41. f4 Ke7 42. Kf2 Kf7 43. Kf3
1-0

[Event "Mid-Summer Challenge"]
[Site "SchemingMind.com"]
[Date "2020.09.05"]
[Round "-"]
[White "Kenny Elliott"]
[Black "Phillip Beckett"]
[Result "1-0"]
[WhiteCountry "USA"]
[BlackCountry "ENG"]
[WhiteElo "1545"]
[WhiteRD "61"]
[BlackElo "1549"]
[BlackRD "50"]
[GameID "459707"]

1. d4 e5 2. dxe5 Nc6 3. Nf3 Qe7 4. Nc3 Nxe5 5. Nxe5 Qxe5 6. a3 Nf6 7. g3 c6 8. Bg2 d5 9. Bf4 Qe6 10. O-O Bd6
11. Bxd6 Qxd6 12. Re1 O-O 13. e4 Be6 14. e5 Qd7 15. exf6 Bh3 16. fxg7 Rfe8 17. Qh5 Bxg2 18. Kxg2 Re6 19. Qg4 Rae8 20. Rxe6 Qxe6
21. Qd4 b6 22. b4 Qg6 23. Ra2
1-0

[Event "Mid-Summer Challenge"]
[Site "SchemingMind.com"]
[Date "2020.09.04"]
[Round "-"]
[White "Phillip Beckett"]
[Black "Kenny Elliott"]
[Result "1/2-1/2"]
[WhiteCountry "ENG"]
[BlackCountry "USA"]
[WhiteElo "1557"]
[WhiteRD "51"]
[BlackElo "1504"]
[BlackRD "64"]
[GameID "459708"]

1. e4 c5 2. Nf3 d6 3. d4 cxd4 4. Nxd4 e5 5. Nb3 Nf6 6. Nc3 Be6 7. Be2 Nc6 8. O-O Be7 9. h3 O-O 10. Be3 Bxb3
11. axb3 a6 12. Bf3 b5 13. Nd5 Nxd5 14. Qxd5 Nb4 15. Qd1 Qc7 16. c3 Nc6 17. Qd5 Bf6 18. Rfd1 Rfd8 19. Be2 Ne7 20. Qd2 d5
21. exd5 Rxd5 22. Qc2 Rxd1+ 23. Rxd1 Rb8 24. Qc1 e4 25. g3 Ng6 26. Qd2 Rd8 27. Qc1 Ne5 28. Kg2 Nd3 29. Bxd3 exd3 30. Qd2 Qc6+
31. Kg1 Qe6 32. Bd4 Bxd4 33. cxd4 Rxd4 34. Qe3 Qxe3 35. fxe3 Rd6 36. Kf2 f5 37. Ke1 g5 38. Kd2 Kg7 39. Rc1 Kg6 40. Rc3 h5
41. Rxd3 Rxd3+ 42. Kxd3 h4 43. gxh4 gxh4 44. Kd4 Kg5 45. Ke5 a5 46. b4 a4 47. Kd4 f4 48. exf4+ Kxf4 49. Kc5 Kg3 50. Kxb5 Kxh3
51. Kxa4 Kg2 52. b5 h3 53. b6 h2 54. b7 h1=Q 55. b8=Q Qa1+ 56. Kb3 Qd1+ 57. Ka3 Qa1+ 58. Kb3= Qd1+ 59. Ka3 Qa1+ 60. Kb3
1/2-1/2

[Event "Mid-Summer Challenge"]
[Site "SchemingMind.com"]
[Date "2020.09.09"]
[Round "-"]
[White "mochiron"]
[Black "Phillip Beckett"]
[Result "0-1"]
[WhiteCountry "JPN"]
[BlackCountry "ENG"]
[WhiteElo "1396"]
[WhiteRD "82"]
[BlackElo "1557"]
[BlackRD "51"]
[GameID "459709"]

1. d4 e5 2. d5 d6 3. e4 f5 4. Bd3 fxe4 5. Bxe4 Nf6 6. Nc3 Be7 7. Nf3 O-O 8. h3 c5 9. Ng5 h6 10. h4 Nxe4
11. Ncxe4 Qa5+ 12. Bd2 Qb6 13. Ne6 Bxe6 14. dxe6 d5 15. Bxh6 Qb4+ 16. Nc3 d4 17. Qg4 Bf6 18. O-O dxc3 19. bxc3 Qxg4
0-1

[Event "Mid-Summer Challenge"]
[Site "SchemingMind.com"]
[Date "2020.09.09"]
[Round "-"]
[White "Phillip Beckett"]
[Black "mochiron"]
[Result "1/2-1/2"]
[WhiteCountry "ENG"]
[BlackCountry "JPN"]
[WhiteElo "1502"]
[WhiteRD "53"]
[BlackElo "1427"]
[BlackRD "74"]
[GameID "459710"]

1. e4 c6 2. d4 d5 3. Nc3 dxe4 4. Nxe4 Bf5 5. Ng3 e6 6. Nf3 Bd6 7. Nxf5 exf5 8. Bd3 Ne7 9. O-O Nd7 10. c3 Qb6
11. Qc2 Nf6 12. Bxf5 O-O 13. Bd3 Qc7 14. h3 Ng6 15. Bg5 Rae8 16. Rae1 Rxe1 17. Rxe1 Nh5 18. Bxg6 hxg6 19. Ne5 Bxe5 20. Rxe5 f6
21. Qb3+ Kh8 22. Bxf6 Nxf6 23. Qd1 Qf7 24. Qe2 Nh5 25. Re7 Qf4 26. Re8 Qc1+ 27. Kh2 Rxe8 28. Qxe8+ Kh7 29. g3 Qf1 30. Qe3 g5
31. Qe4+ Kh8 32. Qe8+ Kh7 33. Qxh5+ Kg8 34. Qe8+ Kh7 35. Qh5+ Kg8 36. Qf3 b5 37. Qg2 Qe2 38. Qxc6 Qxb2 39. Qe6+ Kh7 40. Qf5+ Kh8
41. Qf8+= Kh7 42. Qf5+ Kg8 43. Qe6+ Kh7 44. Qf5+= g6 45. Qf7+ Kh6 46. Qf8+ Kh7 47. Qf7+ Kh8 48. Qf6+ Kh7=
1/2-1/2

[Event "Mid-Summer Challenge"]
[Site "SchemingMind.com"]
[Date "2020.09.05"]
[Round "-"]
[White "maro"]
[Black "Phillip Beckett"]
[Result "0-1"]
[WhiteCountry "MEX"]
[BlackCountry "ENG"]
[WhiteElo "1391"]
[WhiteRD "59"]
[BlackElo "1549"]
[BlackRD "50"]
[GameID "459711"]

1. e4 e5 2. d4 exd4 3. Qxd4 Nc6 4. Qe3 d6 5. Nf3 Nf6 6. Nc3 Be7 7. Bc4 O-O 8. b3 Ne5 9. Nxe5 dxe5 10. Bb2 b6
11. Rd1 Bd7 12. O-O Bc5 13. Qe1 Qc8 14. Kh1 Be6 15. Bxe6 Qxe6 16. Nd5 Nxd5 17. exd5 Qe7 18. f3 Bd6 19. Qf2 Rae8 20. Qg3 f5
21. f4 exf4 22. Qf3 Qe3 23. Qh5 Qe7 24. Rfe1 Qxe1+ 25. Rxe1 Rxe1#
0-1

[Event "Mid-Summer Challenge"]
[Site "SchemingMind.com"]
[Date "2020.09.04"]
[Round "-"]
[White "Phillip Beckett"]
[Black "maro"]
[Result "1-0"]
[WhiteCountry "ENG"]
[BlackCountry "MEX"]
[WhiteElo "1549"]
[WhiteRD "50"]
[BlackElo "1391"]
[BlackRD "59"]
[GameID "459712"]

1. e4 e5 2. Nf3 Nc6 3. Bb5 Nge7 4. O-O d6 5. d4 exd4 6. Nxd4 Bd7 7. Nxc6 Nxc6 8. Nc3 Ne5 9. Bxd7+ Qxd7 10. Nd5 O-O-O
11. Qd4 Nc6 12. Qa4 a6 13. Be3 Be7 14. Bb6 cxb6 15. Nxb6+
1-0

[Event "Mid-Summer Challenge"]
[Site "SchemingMind.com"]
[Date "2020.09.04"]
[Round "-"]
[White "Phillip Beckett"]
[Black "Goz"]
[Result "1-0"]
[WhiteCountry "ENG"]
[BlackCountry "ENG"]
[WhiteElo "1557"]
[WhiteRD "51"]
[BlackElo "1507"]
[BlackRD "70"]
[GameID "459713"]

1. e4 e5 2. Nf3 d6 3. d4 Bg4 4. dxe5 Bxf3 5. Qxf3 dxe5 6. Bc4 Nf6 7. Qb3 Qd7 8. Qxb7 Qg4 9. O-O Nxe4 10. Bb5+ Kd8
11. Qxa8 Bc5 12. Qxb8+ Ke7 13. Qxc7+ Kf6 14. Qc6+ Qe6 15. Qxe6+ Kxe6 16. Nd2 Nd6 17. Bc4+ Nxc4 18. Nxc4 e4 19. Be3 Bxe3 20. Nxe3 Ke5
21. Rad1 Ke6 22. Rfe1 f5 23. Nc4 Kf6 24. Rd6+ Kg5 25. h4+ Kxh4 26. Ne3 g6 27. g3+ Kg5 28. Kg2 Rb8 29. f4+ exf3+ 30. Kxf3 h5
31. b3 a5 32. Ng2 Rb5 33. Nf4 Kh6 34. Rxg6+ Kh7 35. Re7+
1-0

[Event "Mid-Summer Challenge"]
[Site "SchemingMind.com"]
[Date "2020.09.04"]
[Round "-"]
[White "Goz"]
[Black "Phillip Beckett"]
[Result "1/2-1/2"]
[WhiteCountry "ENG"]
[BlackCountry "ENG"]
[WhiteElo "1507"]
[WhiteRD "70"]
[BlackElo "1557"]
[BlackRD "51"]
[GameID "459714"]

1. d4 e5 2. Nf3 exd4 3. Nxd4 Nf6 4. Nc3 c6 5. Bg5 d5 6. e3 Be7 7. Bxf6 Bxf6 8. Bd3 Bxd4 9. exd4 O-O 10. O-O Qh4
11. Be2 Nd7 12. g3 Qh6 13. Bg4 Nf6 14. f3 Bxg4 15. fxg4 Qe3+ 16. Kg2 Rae8 17. Qf3 Qxf3+ 18. Kxf3 Ne4 19. Nxe4 Rxe4 20. c3 Rfe8
21. Rf2 Re3+ 22. Kf4 R8e4+ 23. Kg5 h6+ 24. Kh4 Re2 25. Raf1 g5+ 26. Kh5 Rxf2 27. Rxf2 Re6 28. h4 gxh4 29. Kxh4 Kg7 30. Kh5 Rg6
31. Rf5 f6 32. Kh4 Rg5 33. b3 Kf7 34. c4 Kg6 35. cxd5 cxd5 36. Rf3 h5 37. gxh5+ Rxh5+ 38. Kg4 Rg5+ 39. Kf4 Rf5+ 40. Ke3 Rxf3+
41. Kxf3 Kf5 42. b4 a6 43. a4 b6 44. g4+ Kg5 45. Kg3 b5 46. axb5 axb5 47. Kf3 f5=
1/2-1/2

[Event "Mid-Summer Challenge"]
[Site "SchemingMind.com"]
[Date "2020.09.05"]
[Round "-"]
[White "Phillip Beckett"]
[Black "ray winteringham"]
[Result "1-0"]
[WhiteCountry "ENG"]
[BlackCountry "ENG"]
[WhiteElo "1549"]
[WhiteRD "50"]
[BlackElo "1448"]
[BlackRD "48"]
[GameID "459715"]

1. e4 e5 2. Nf3 d6 3. d4 exd4 4. Nxd4 c5 5. Nf3 h6 6. Bc4 Be6 7. Bxe6 fxe6 8. e5 d5 9. O-O c4 10. Nd4 Qd7
11. Nc3 Bc5 12. Qh5+ Kd8 13. Be3 Kc7 14. Ndb5+ Kc6 15. Bxc5 Kxc5 16. b4+ Kxb4 17. a3+ Ka5 18. Rfb1 b6 19. Nd6 a6 20. Rd1 b5
21. Rdb1 Ne7 22. a4 b4 23. Nxd5 Nxd5 24. Qg4 Nb6 25. Nxc4+ Nxc4 26. Qxc4 Rc8 27. Qxb4#
1-0

[Event "Mid-Summer Challenge"]
[Site "SchemingMind.com"]
[Date "2020.09.05"]
[Round "-"]
[White "ray winteringham"]
[Black "Phillip Beckett"]
[Result "1-0"]
[WhiteCountry "ENG"]
[BlackCountry "ENG"]
[WhiteElo "1448"]
[WhiteRD "48"]
[BlackElo "1549"]
[BlackRD "50"]
[GameID "459716"]

1. e4 e5 2. Nf3 Nc6 3. Bb5 a6 4. Bxc6 dxc6 5. h3 Qd6 6. d3 Bd7 7. Nc3 f6 8. b3 Qe6 9. Bb2 O-O-O 10. Qe2 Kb8
11. O-O-O g5 12. Nd2 h5 13. f3 Ne7 14. Kb1 Ng6 15. g4 hxg4 16. hxg4 Rxh1 17. Rxh1 Bb4 18. a3 Nf4 19. Qf2 Bd6 20. Nc4 b5
21. Nxd6 cxd6 22. Qb6+ Ka8 23. Qxa6+ Kb8 24. a4 Bc8 25. Qb6+ Bb7 26. Qxd8+
1-0